Geography Quiz

Random Geography or City Quiz

Cities' Urban Dictionary Definition Quiz Stats

 Plays Quiz not verified by Sporcle

Support Sporcle.
Go Orange.
Score 0/15 Timer 03:00
0 Plays Today
Hint City % Correct
This city is always destroyed either by (a) Godzilla, (b) some other mutant or demon, (c) a freak natural disaster.Tokyo
93%
Hip ethnic enclaves infused with homosexuality, poverty, and royalty. The world's most cosmopolitan city, where the pulse of Europe erupts. Coolest subway system in the world!London
89.7%
A large layer of thick smog in (Asian country), it is believed that there is a city in there.Beijing
82.7%
The best bagels, best pizza, best Italian food period, best places to shop, its awesome...New York
76.5%
Most romantic city in Europe, where scooters zoom through the ancient streets, where the sound of love making coincides with church bells. Rome
73.3%
First thing that comes to mind is hot naked women sunning themselves on the beach, gay artist dudes and dudettes in black berets, souless mimes, cigarettes and sex. Paris
62.1%
The only city on earth where one can walk from Asia to Europe, or the other way around.Istanbul
62.1%
Biggest, baddest city in (African country), where the diamond smugglers mingle with the carjackers to make life strange.Johannesburg
58%
Hint City % Correct
It is the most cosmopolitan, ethnically-diverse city in (country) and, last time I checked, North America.Toronto
54.7%
A country where you can get penalised for virtually anything, even chewing gum. But otherwise a great place with lots of delicious food and shopping places.Singapore
47.3%
The best Aussie city with the best beaches and hottest people where the Aussie accent is a tad toned down from the rest of Australia.Perth
44%
An amazing city that is resented by people in most other parts of the country for assorted reasons. Supposedly, we're all liberal, weed-smoking, anorexic gangsters.Los Angeles
42.8%
A good city with HOT WOMEN, but a very LARGE crime rate.Rio de Janeiro
39.1%
Adult disney land.Amsterdam
34.6%
Cheap beer, second only to the Belgians and arguably neck-and-neck with the Germans; a beautiful Old Town Square, framed by an Astronomical Clock.Prague
23.5%

You're not logged in!

Compare scores with friends on all Sporcle quizzes.
OR
Log In

From the Vault

Either/Or in 30: Movie Actors II

by MSUKent

Got a free minute? Cool, you can play this quiz twice!
Remove Ads.
Support Sporcle.
Get the best of Sporcle when you Go Orange. This ad-free experience offers more features, more stats, and more fun while also helping to support Sporcle. Thank you for becoming a member.

Show Comments

Extras

Top Quizzes Today


Score Distribution

Your Account Isn't Verified!

In order to create a playlist on Sporcle, you need to verify the email address you used during registration. Go to your Sporcle Settings to finish the process.

Report this User

Report this user for behavior that violates our Community Guidelines.

Details: